Discursos pronunciados en el Congreso de los Diputados con motivo de los sucesos ocurridos en Melilla / (Record no. 158020)

MARC details
000 -LEADER
campo de control de longitud fija 00732nam a2200169 i 4500
001 - NÚMERO DE CONTROL
campo de control 158020
003 - IDENTIFICADOR DE NÚMERO DE CONTROL
campo de control ES-MaACL
005 - FECHA Y HORA DE LA ÚLTIMA TRANSACCIÓN
campo de control 20250907063118.0
008 - DATOS DE LONGITUD FIJA--INFORMACIÓN GENERAL
campo de control de longitud fija 960320s1894 sp |||| | spa d
100 1# - ENTRADA PRINCIPAL--NOMBRE DE PERSONA
Nombre de persona López Domínguez, José,
Fechas asociadas al nombre 1829-1911
9 (RLIN) 73611
245 10 - MENCIÓN DEL TÍTULO
Título Discursos pronunciados en el Congreso de los Diputados con motivo de los sucesos ocurridos en Melilla /
Mención de responsabilidad, etc. por el teniente general José López Domínguez.
260 ## - PUBLICACIÓN, DISTRIBUCIÓN, ETC.
Lugar de publicación, distribución, etc. Madrid :
Nombre del editor, distribuidor, etc. [s.n.],
Fecha de publicación, distribución, etc. 1894 (
Fabricante Imp. y Litografía del Depósito de la Guerra)
300 ## - DESCRIPCIÓN FÍSICA
Extensión 235 p. ;
Dimensiones 21 cm.
650 #4 - PUNTO DE ACCESO ADICIONAL DE MATERIA--TÉRMINO DE MATERIA
Término de materia o nombre geográfico como elemento de entrada Guerra de Melilla, 1893.
9 (RLIN) 149771
852 ## - LOCALIZACIÓN
Ubicación ES-MaACL
Número de control de estantería T-795-F-5
Nota libre - Enc. hol.
condición física - Falto de cub. original
Nota libre - Enc. en un vol. facticio
Holdings
Estatus retirado Estado de pérdida Estado de daño No para préstamo Colección Biblioteca de origen Biblioteca actual Ubicación en estantería Fecha de adquisición Total de préstamos Signatura topográfica completa Código de barras Visto por última vez Precio de reemplazo Tipo de ítem Koha
        Colección de folletos Biblioteca del Ateneo de Madrid Biblioteca del Ateneo de Madrid Depósito folletos 17/01/2008   T-795-F-5 1165380 23/02/2023 23/02/2023 Folleto